| 000 | 00563nam a22002057a 4500 | ||
|---|---|---|---|
| 001 | 200467124 | ||
| 003 | TR-AnTOB | ||
| 005 | 20260212120651.0 | ||
| 008 | 210108t xxu||||| |||| 00| 0 tu d | ||
| 040 |
_aNEU _cTR-AnTOB |
||
| 041 | 0 | _atur | |
| 050 |
_aWM13 _b.A33 1976 |
||
| 100 |
_9163785 _aAdasal, Rasim. |
||
| 245 |
_aRuh HAstalıkları / _cRasim Adasal. |
||
| 260 |
_aAnkara : _bAnkara Üniversitesi Basımevi, _c1976. |
||
| 300 |
_a587 p. ; _c24 cm. |
||
| 650 |
_9125834 _aPsychiatry |
||
| 942 |
_kWM0000013A331976 _2NLM _cBK |
||
| 999 |
_c200467124 _d85336 |
||